000 00619cam a2200229 4500
001 J63938
008 000000n2000 000 0 eng u
035 _a(Sirsi) u111664
041 _aeng
050 _a333.337
110 _aDeloitte & Touche
_93702
245 _aUK budget hotel survey 2000 : first clouds on the horizon?
260 _aLondon
_bDeloitte & Touche
_c2000
300 _a15p ; 30cm.
350 _a0
650 _aBUDGET HOTELS
650 _aHOTEL MARKET
650 _aHOTELS
650 _aLEISURE PROPERTY
690 _aPROPERTY-COMMERCIAL PROPERTY-COMMERCIAL PROPERTY MARKET
942 _n0
999 _c101275
_d101275